00283 a2200109 450000100060000008200190000610000180002524500690004325000090011226000390012130000130016064372 a510.246222 GRE aGreenbery M D aAdvance Engineering Mathematics fundamentals of Engineering 2/Ed a2 nd aNew delhibPearson Educationc1998 a1324pxix